Anteproyecto arquitectónico con enfoque bioclimático del centro de formación integral para personas no videntes en la ciudad de Managua
El estudio presenta un anteproyecto arquitectónico bioclimático del centro de formación integral para personas no videntes en la ciudad de Managua, siendo la ciudad con mayor cantidad de habitantes del país.
| Main Authors: | , |
|---|---|
| Other Authors: | |
| Format: | Tesis Section = Libro |
| Language: | Undetermined Spanish |
| Published: |
Managua
UNI
2014
|
| Subjects: |
| LEADER | 01186nam a2200265Ia 4500 | ||
|---|---|---|---|
| 008 | 240830s9999 xx 000 0 und d | ||
| 040 | |a BIBLIOTECA-RUSB/ T.Mon 725.540871 C828 | ||
| 041 | |a spa | ||
| 082 | |a T.Mon 725.540871 C828 | ||
| 100 | 1 | |a Cortés Castillo, Margarita Francela | |
| 100 | 1 | |b Vanegas Urey, Lennar Daniel | |
| 245 | 1 | 0 | |a Anteproyecto arquitectónico con enfoque bioclimático del centro de formación integral para personas no videntes en la ciudad de Managua |
| 260 | |a Managua |b UNI |c 2014 | ||
| 300 | |a 103 p. :il. | ||
| 500 | |a Contiene: anexos e Incluye: CD. | ||
| 502 | |a Tesis (Arquitecto) - UNI, 2014. | ||
| 520 | 3 | |a El estudio presenta un anteproyecto arquitectónico bioclimático del centro de formación integral para personas no videntes en la ciudad de Managua, siendo la ciudad con mayor cantidad de habitantes del país. | |
| 650 | 7 | |a ARQUITECTURA PARA PERSONAS DEBILES VISUALES ARQUITECTUR SENSORIAL | |
| 650 | 7 | |b ARQUITECTURA DISEÑO Y PLANOS | |
| 650 | 7 | |c EMPLAZAMIENTO DE CONSTRUCCIONES | |
| 650 | 7 | |d DISEÑO ARQUITECTÓNICO | |
| 700 | 1 | |a Tutor: |b Castillo Vanegas, Ingrid María | |
| 942 | |c BK |2 ddc | ||
| 991 | |a TESIS | ||
| 999 | |c 22055 | ||